000 00878nam a2200289Ia 4500
003 OSt
005 20220928130600.0
006 a|||||r|||| 00| 0
007 ta
008 220927b |||||||| |||| 00| 0 eng d
020 _c375
024 _a105229
037 _b166, 05/02/2010, Capital Book Agency
_cTextual
040 _aSDCL
_cSDCL
_beng
041 _2eng
_aeng
082 _ad6,8 (B289C++), P7
100 _aHorowitz Ellis
_9474789
245 0 _aFundamentals of data structures in C++.
250 _a2
260 _aHyderabad
_bUniversities Press
_c2007
300 _axxi,694p.
_ccm.
650 _aReference
700 _a Mehta Dinesh
_9474790
700 _a Sahni Sartaj
_9423895
942 _hd6,8 (B289C++), P7
_cTEXL
_2CC
999 _c787348
_d787348